Panorama del Derecho Civil.

Kaydedildi:
Detaylı Bibliyografya
Yazar: Vallet de Goytisolo, Juan B. (autor)
Materyal Türü: Kitap
Baskı/Yayın Bilgisi: Barcelona, España: Bosch, 1963.
Konular:
Etiketler: Etiketle
Etiket eklenmemiş, İlk siz ekleyin!

MARC

LEADER 00000nam a22000007a 4500
003 CL-VaPUC
005 20240104161553.0
008 231201t1963 ||||| |||| 00| 0 eng d
999 |c 442659  |d 442657 
040 |c Pontificia Universidad Católica de Valparaíso 
082 0 4 |2 22  |a 346 VAL 1963 
100 1 |a Vallet de Goytisolo, Juan B.  |e autor  |9 886518 
245 1 0 |a Panorama del Derecho Civil. 
260 |a Barcelona, España:   |b Bosch,  |c 1963. 
300 |a 311 páginas. 
500 |a c.1 Donación Jorge López Santa María. Memo 48. 24-11-2023 
583 |c 20231201  |k Catalogador Asistente 
650 1 |a Derecho civil   |9 255013 
942 |2 ddc  |c BK 
952 |0 0  |1 0  |2 ddc  |4 0  |6 346_000000000000000_VAL_1963  |7 0  |8 A  |9 592731  |a BIBDER  |b BIBDER  |d 2023-12-01  |e Donación  |i 5659714  |o 346 VAL 1963  |p 5659714  |r 2023-12-01  |t 1  |w 2023-12-01  |y BK  |k DER